000 02393nam a2200253Ia 4500
003 Ost
005 20260507075449.0
008 260507s9999||||xx |||||||||||||| ||und||
040 _cfsecg
041 _aara
082 _a336
100 _aعطوي، فوزي
_eمؤلف
245 0 _aالمالية العامة النظم الضريبية وموازنة الدولة /
_c فوزي عطوي
260 _aبيروت:
_bمنشورات الحلبي,
_c2003
300 _a517 صفحة؛
_bإيضاحات ؛
_c24 سم
504 _aبيبليوغرافيا ص.339
520 _aيحتوي الكتاب على المحاور التالية: النظم الضريبية،المالية العامة و التشريعان المالي و الضريبي،تطور النظام الضريبي في لبنان،مفهوم الواردات العامة،أنواع الواردات العامة،مفهوم الضرائب و خصائصها،الأنظمة الضريبية و أنواع الضرائب،الضرائب المباشرة و الضرائب غير المباشرة،الضريبة على القيمة المضافة،الرسوم و الواردات العامة،القروض العامة،الإصدار النقدي الجديد،الضرائب المباشرة و الرسوم المماثلة لها في لبنان،الضرائب غير المباشرة و الرسوم المماثلة لها في لبنان،تحصيل الضرائب و الرسوم،الإزدواج الضريبي،التهرب من الضرائب،موازنة الدولة،السياسة المالية،خصائص الموازنة العامة،القواعد العامة لإعداد الموازنة،مواطن الشذوذ عن نهج الموازنة التقليدية،الجوانب الفنية لدقة تقديرات الموازنة العامة،الموازنة العامة في لبنان،الإتجاهات الحديثة للموازنة العامة،الموازنة و متطلبات التخطيط الإقتصادي،السياسة المالية و النظام المالي و الضريبي الجديد،الإصلاح المالي من خلال الموازنة العامة
653 _aالضرائب
653 _aالمالية العامة
653 _aالميزانية
653 _aموازنة الدولة
653 _aوردات
942 _cكتاب
999 _c44612
_d44612